000 00577nam a2200193Ia 4500
008 151121s9999||||xx |||||||||||||| ||und||
082 _a813/नरव
082 _bHNW-73826
100 _aनरवणे अंजनी - अनु
245 _aअणसार
260 _b"मेहता प्रकाशन, पुणे।"
260 _c--
300 _a283
600 _aनरवणे अंजनी - अनु
630 _aअणसार
700 _aनरवणे अंजनी - अनु
730 _aअणसार
942 _cBOOK
999 _c1255282
_d1255279